Adivinhe a música sem dicas - Statistics

Estatísticas Gerais
  • Esse quiz foi jogado 155 vezes
  • A pontuação média é 69 de 216
Estatísticas das Respostas
RESPOSTA % Correto
a
97%
A
97%
E
96%
o
90%
O
90%
Eu
70%
eu
70%
Você
70%
você
70%
no
69%
que
69%
Te
68%
de
67%
me
66%
se
65%
na
64%
da
56%
48%
não
46%
Com
40%
Quero
40%
sim,
39%
Sim,
39%
faz
36%
meu
36%
minha
36%
Seu
35%
seu
35%
em
34%
34%
diz?
33%
quando
33%
um
33%
Sua
30%
mais
27%
fala
23%
sei
23%
sou
23%
boca
19%
sabe
19%
isso
18%
vou
17%
gente
16%
nada
15%
pro
14%
vez
14%
até,
12%
dizer…
11%
jeito
11%
Meus
11%
meus
11%
Nossa
11%
falar,
10%
cara
9%
chuva
9%
Dos
8%
Vamos
8%
alguém
7%
roupa)
6%
roupa
6%
(Tira
6%
Tira
6%
falta
5%
mentira
5%
tão
5%
(ah
4%
ah
4%
ah)
4%
rosto
4%
tarde
4%
finjo
3%
novo
3%
boato,
2%
dançar
2%
entendo
2%
inventar
2%
lábios
2%
nem
2%
peço
2%
queima
2%
sala
2%
acreditar
1%
adivinha
1%
alta
1%
conselhos
1%
espelho
1%
passo
1%
tato,
1%
testar
1%
Dando
0%
encantador
0%
mergulhar
0%
mira
0%
nisso
0%
repara
0%
vão
0%
Nenhum quiz correspondente encontrado
Distribuição das Pontuações
Porcentagem de Pessoas com Cada Pontuação
Percentil de Números Respondidos
Sua Pontuação Histórica
Você não jogou esse quiz